Mikroskopická analýza tepelne ovplyvneného rýchlo stuhnutého prášku nástrojovej ocele Ch12MF4 : Diplomová práca

Enregistré dans:
Détails bibliographiques
Auteur principal: Weisenpacher, Martin (Auteur)
Autres auteurs: Moravčík, Roman, 1973- (xxx)
Format: Manuscrit Livre
Langue:slovaque
Publié: Trnava : STU v Bratislave MtF KMI, 2000
Sujets:
Tags: Ajouter un tag
Pas de tags, Soyez le premier à ajouter un tag!

MARC

LEADER 00000ntm a22000003a 4500
001 stu85648
005 20160719154731.7
008 040406s2000----xo------------------slo-d
040 |a STU  |b slo 
041 0 |a slo 
044 |a xo 
100 1 |a Weisenpacher, Martin  |4 aut 
245 1 |a Mikroskopická analýza tepelne ovplyvneného rýchlo stuhnutého prášku nástrojovej ocele Ch12MF4 :  |b Diplomová práca 
260 |a Trnava :  |b STU v Bratislave MtF KMI,  |c 2000 
300 |a 49 s 
650 7 |a materiálové inžinierstvo  |2 stusub 
650 7 |a kovové a nekovové materiály  |2 stusub 
700 1 |a Moravčík, Roman,  |d 1973-  |4 xxx  |u M1000  |U MTF Materiálovotechnologická fakulta  |T MTF Ústav materiálov  |X 1473  |U M1000  |Y 81  |7 A000001473